<?xml version="1.0" encoding="UTF-8"?>
<collection xmlns="http://www.loc.gov/MARC21/slim">
 <record>
  <leader>02097nam a2200361 a 4500</leader>
  <controlfield tag="001">1/55725</controlfield>
  <controlfield tag="008">230323s2018    enk           000 | eng d</controlfield>
  <datafield tag="024" ind1="1" ind2=" ">
   <subfield code="a">5099206038868</subfield>
  </datafield>
  <datafield tag="024" ind1="1" ind2=" ">
   <subfield code="a">2052ALBO4TY9 </subfield>
  </datafield>
  <datafield tag="024" ind1="1" ind2=" ">
   <subfield code="a">2052ALBO4Q99 </subfield>
  </datafield>
  <datafield tag="024" ind1="1" ind2=" ">
   <subfield code="a">2052ALBO4TV9 </subfield>
  </datafield>
  <datafield tag="024" ind1="1" ind2=" ">
   <subfield code="a">2052ALBO4TU9 </subfield>
  </datafield>
  <datafield tag="024" ind1="1" ind2=" ">
   <subfield code="a">2052ALBO4QA9 </subfield>
  </datafield>
  <datafield tag="024" ind1="1" ind2=" ">
   <subfield code="a">2052ALBO4Q39 </subfield>
  </datafield>
  <datafield tag="024" ind1="1" ind2=" ">
   <subfield code="a">2052ALBO4TR9 </subfield>
  </datafield>
  <datafield tag="040" ind1=" " ind2=" ">
   <subfield code="a">GR-PeUP</subfield>
  </datafield>
  <datafield tag="245" ind1="0" ind2="0">
   <subfield code="a">Ακουστικά H540 [Τεχνολογικός Εξοπλισμός] / </subfield>
   <subfield code="c">Βιβλιοθήκη Πανεπιστημίου Πειραιώς.</subfield>
  </datafield>
  <datafield tag="260" ind1=" " ind2=" ">
   <subfield code="a">Netherlands :</subfield>
   <subfield code="b">Logitech Europe S.A.,</subfield>
   <subfield code="c">2018.</subfield>
  </datafield>
  <datafield tag="300" ind1=" " ind2=" ">
   <subfield code="a">9 σετ μικροφώνου-ακουστικών USB για υπολογιστές.</subfield>
  </datafield>
  <datafield tag="500" ind1=" " ind2=" ">
   <subfield code="a">Σετ μικροφώνου-ακουστικών, USB για υπολογιστές, τεκμηρίωση χρήστη. Διετής εγγύηση από τον κατασκευαστή.  Works with: Common calling applications across almost all platforms and operating systems. What's in the box: USB computers headset, user documentation. 2-year manufacturer's quarantee.</subfield>
  </datafield>
  <datafield tag="500" ind1=" " ind2=" ">
   <subfield code="a">Εσωτερικός δανεισμός, ημερησίως.</subfield>
  </datafield>
  <datafield tag="500" ind1=" " ind2=" ">
   <subfield code="a">Η βιβλιοθήκη έχει 9 σετ ακουστικών.</subfield>
  </datafield>
  <datafield tag="650" ind1=" " ind2="0">
   <subfield code="a">Electronic apparatus and appliances.</subfield>
  </datafield>
  <datafield tag="650" ind1=" " ind2="4">
   <subfield code="a">Ηλεκτρονικός εξοπλισμός και συσκευές.</subfield>
  </datafield>
  <datafield tag="852" ind1=" " ind2=" ">
   <subfield code="a">INST</subfield>
   <subfield code="b">UNIPILB</subfield>
   <subfield code="c">MMEDIA</subfield>
   <subfield code="e">20230324</subfield>
   <subfield code="p">00188561</subfield>
   <subfield code="q">00188561</subfield>
   <subfield code="t">LOAN</subfield>
   <subfield code="y">0</subfield>
   <subfield code="4">1</subfield>
  </datafield>
  <datafield tag="852" ind1=" " ind2=" ">
   <subfield code="a">INST</subfield>
   <subfield code="b">UNIPILB</subfield>
   <subfield code="c">MMEDIA</subfield>
   <subfield code="e">20230324</subfield>
   <subfield code="p">00188562</subfield>
   <subfield code="q">00188562</subfield>
   <subfield code="t">LOAN</subfield>
   <subfield code="y">0</subfield>
   <subfield code="4">2</subfield>
  </datafield>
  <datafield tag="852" ind1=" " ind2=" ">
   <subfield code="a">INST</subfield>
   <subfield code="b">UNIPILB</subfield>
   <subfield code="c">MMEDIA</subfield>
   <subfield code="e">20230324</subfield>
   <subfield code="p">00188563</subfield>
   <subfield code="q">00188563</subfield>
   <subfield code="t">LOAN</subfield>
   <subfield code="y">0</subfield>
   <subfield code="4">3</subfield>
  </datafield>
  <datafield tag="852" ind1=" " ind2=" ">
   <subfield code="a">INST</subfield>
   <subfield code="b">UNIPILB</subfield>
   <subfield code="c">MMEDIA</subfield>
   <subfield code="e">20230324</subfield>
   <subfield code="p">00188564</subfield>
   <subfield code="q">00188564</subfield>
   <subfield code="t">LOAN</subfield>
   <subfield code="y">0</subfield>
   <subfield code="4">4</subfield>
  </datafield>
  <datafield tag="852" ind1=" " ind2=" ">
   <subfield code="a">INST</subfield>
   <subfield code="b">UNIPILB</subfield>
   <subfield code="c">MMEDIA</subfield>
   <subfield code="e">20230324</subfield>
   <subfield code="p">00188565</subfield>
   <subfield code="q">00188565</subfield>
   <subfield code="t">LOAN</subfield>
   <subfield code="y">0</subfield>
   <subfield code="4">5</subfield>
  </datafield>
  <datafield tag="852" ind1=" " ind2=" ">
   <subfield code="a">INST</subfield>
   <subfield code="b">UNIPILB</subfield>
   <subfield code="c">MMEDIA</subfield>
   <subfield code="e">20230324</subfield>
   <subfield code="p">00188566</subfield>
   <subfield code="q">00188566</subfield>
   <subfield code="t">LOAN</subfield>
   <subfield code="y">0</subfield>
   <subfield code="4">6</subfield>
  </datafield>
  <datafield tag="852" ind1=" " ind2=" ">
   <subfield code="a">INST</subfield>
   <subfield code="b">UNIPILB</subfield>
   <subfield code="c">MMEDIA</subfield>
   <subfield code="e">20230324</subfield>
   <subfield code="p">00188567</subfield>
   <subfield code="q">00188567</subfield>
   <subfield code="t">LOAN</subfield>
   <subfield code="y">0</subfield>
   <subfield code="4">7</subfield>
  </datafield>
  <datafield tag="852" ind1=" " ind2=" ">
   <subfield code="a">INST</subfield>
   <subfield code="b">UNIPILB</subfield>
   <subfield code="c">MMEDIA</subfield>
   <subfield code="e">20230324</subfield>
   <subfield code="p">00188568</subfield>
   <subfield code="q">00188568</subfield>
   <subfield code="t">LOAN</subfield>
   <subfield code="y">0</subfield>
   <subfield code="4">8</subfield>
  </datafield>
  <datafield tag="852" ind1=" " ind2=" ">
   <subfield code="a">INST</subfield>
   <subfield code="b">UNIPILB</subfield>
   <subfield code="c">MMEDIA</subfield>
   <subfield code="e">20230324</subfield>
   <subfield code="p">00188569</subfield>
   <subfield code="q">00188569</subfield>
   <subfield code="t">LOAN</subfield>
   <subfield code="y">0</subfield>
   <subfield code="4">9</subfield>
  </datafield>
 </record>
</collection>
